Flores del Ática o Páginas escogidas de literatura griega : (Record no. 64234)

MARC details
000 -LEADER
campo de control de longitud fija 00682nam a2200217 i 4500
001 - NÚMERO DE CONTROL
campo de control 64234
003 - IDENTIFICADOR DE NÚMERO DE CONTROL
campo de control ES-MaACL
005 - FECHA Y HORA DE LA ÚLTIMA TRANSACCIÓN
campo de control 20250801094942.0
007 - CAMPO FIJO DE DESCRIPCIÓN FÍSICA--INFORMACIÓN GENERAL
campo de control de longitud fija t|
008 - DATOS DE LONGITUD FIJA--INFORMACIÓN GENERAL
campo de control de longitud fija 031222s1944 sp ||||1| spa d
245 00 - MENCIÓN DEL TÍTULO
Título Flores del Ática o Páginas escogidas de literatura griega :
Resto del título para 1º y 2º curso /
Mención de responsabilidad, etc. por J. Carasa y J. Marturet.
246 3# - FORMA VARIANTE DEL TITULO
Título propio/Titulo breve Páginas escogidas de literatura griega
250 ## - MENCION DE EDICION
Mención de edición 2ª ed.
260 ## - PUBLICACIÓN, DISTRIBUCIÓN, ETC.
Lugar de publicación, distribución, etc. Barcelona :
Nombre del editor, distribuidor, etc. Eugenio Subirana,
Fecha de publicación, distribución, etc. 1944.
300 ## - DESCRIPCIÓN FÍSICA
Extensión 175 p. ;
Dimensiones 22 cm.
650 #7 - PUNTO DE ACCESO ADICIONAL DE MATERIA--TÉRMINO DE MATERIA
Término de materia o nombre geográfico como elemento de entrada Literatura griega
Fuente del encabezamiento o término embne
9 (RLIN) 14597
700 1# - ENTRADA AGREGADA--NOMBRE PERSONAL
Nombre de persona Carasa, José.
9 (RLIN) 34966
700 1# - ENTRADA AGREGADA--NOMBRE PERSONAL
Nombre de persona Marturet, J.
9 (RLIN) 78559
852 ## - LOCALIZACIÓN
Ubicación ES-MaACL
Número de control de estantería B-10259
Holdings
Estatus retirado Estado de pérdida Estado de daño No para préstamo Biblioteca de origen Biblioteca actual Ubicación en estantería Fecha de adquisición Fuente de adquisición Total de préstamos Signatura topográfica completa Código de barras Visto por última vez Precio de reemplazo Tipo de ítem Koha
        Biblioteca del Ateneo de Madrid Biblioteca del Ateneo de Madrid Sala Pardo Bazán 17/01/2008     B-10259 1067312 23/02/2023 23/02/2023 Libro impreso